| 000 | 00636nam a22002417a 4500 | ||
|---|---|---|---|
| 003 | URS | ||
| 005 | 20250828100453.0 | ||
| 008 | 250317b ||||| |||| 00| 0 eng d | ||
| 020 | _a9710833898 | ||
| 040 | _cURS | ||
| 050 |
_aHD31 _b.K33 1985 |
||
| 100 |
_911243 _aKast, Fremont E. |
||
| 245 |
_aOrganization and Management _bA Systems and Contingency Approach |
||
| 250 | _a4th Edition | ||
| 264 | _c©1985 | ||
| 300 |
_a720 pages.,: _c26 cm. |
||
| 336 |
_2rdacontent _atext |
||
| 337 |
_2rdamedia _aunmediated |
||
| 338 |
_2rdacarrier _avolume |
||
| 650 | 0 |
_93809 _aOrganization |
|
| 650 | 0 |
_9965 _aManagement |
|
| 942 |
_2lcc _cR |
||
| 999 |
_c84704 _d84702 |
||